[Event "Malaga op 15th"]
[Site "Malaga"]
[Date "2021.10.29"]
[Round "1"]
[White "Millan Ortiz, Francisco Pablo"]
[Black "Lopez Gonzalez, Daniel"]
[Result "0-1"]
[WhiteElo "1653"]
[BlackElo "2198"]
[PlyCount "74"]
[EventDate "2021.10.29"]
[EventType "swiss"]
[EventRounds "7"]
[EventCountry "ESP"]
[SourceTitle "CBM 204 Extra"]
[Source "ChessBase"]
[SourceDate "2021.11.30"]
[SourceVersion "1"]
[SourceVersionDate "2021.11.30"]
[SourceQuality "1"]

1. c4 g6 2. Nc3 c5 3. g3 Bg7 4. Bg2 Nc6 5. Nf3 e6 6. 0-0 Nge7 7. d3 0-0 8. Bg5 h6 9. Be3 Nd4 10. Rb1 d6 11. Ne4 f5 12. Ned2 Nec6 13. a3 a5 14. Nb3 Nxf3+ 15. Bxf3 a4 16. Nd2 Ne5 17. Bg2 Ng4 18. b4 axb3 19. Qxb3 Nxe3 20. fxe3 Qg5 21. Rf3 Ra6 22. h4 Qe7 23. e4 f4 24. Rbf1 fxg3 25. Rxg3 Rxf1+ 26. Nxf1 Kh7 27. Rh3 h5 28. Nd2 Bh6 29. Nf3 Be3+ 30. Kf1 Qf6 31. a4 Qa1+ 32. Ne1 Bd2 33. Kf2 Qxe1+ 34. Kf3 Qg1 35. d4 e5 36. Rh1 Bg4+ 37. Kg3 Be1# 0-1

[Event "Andalucia-chB"]
[Site "Algeciras"]
[Date "2018.05.20"]
[Round "5"]
[White "Garcia Ruiz, Miguel Angel"]
[Black "Millan Ortiz, Francisco Pablo"]
[Result "1-0"]
[WhiteElo "1680"]
[BlackElo "1443"]
[PlyCount "129"]
[EventDate "2018.05.18"]
[EventType "swiss"]
[EventRounds "6"]
[EventCountry "ESP"]
[SourceTitle "EXT 2020"]
[Source "ChessBase"]
[SourceDate "2019.10.17"]
[SourceVersion "1"]
[SourceVersionDate "2019.10.17"]
[SourceQuality "1"]

1. e4 c5 2. d4 cxd4 3. c3 dxc3 4. Nxc3 Nc6 5. Nf3 e6 6. Bc4 a6 7. 0-0 Be7 8. Qe2 Qc7 9. Rd1 Ne5 10. Bb3 Nxf3+ 11. Qxf3 Bd6 12. g3 Nf6 13. Bg5 Be7 14. Rac1 Qd8 15. Bf4 0-0 16. e5 Ne8 17. Ne4 Ra7 18. Be3 b6 19. Qh5 d5 20. Ng5 h6 21. h4 Rb7 22. Bc2 b5 23. Nh7 Qd7 24. Nxf8 Bxf8 25. Qg4 Kh8 26. Qe2 Nc7 27. h5 Na8 28. Qd3 g6 29. hxg6 fxg6 30. Qxg6 Qg7 31. Kg2 Rc7 32. Rh1 Qxg6 33. Bxg6 Rxc1 34. Rxc1 Bd7 35. g4 Kg7 36. Bd3 Kf7 37. Rh1 Bg7 38. f4 Bc6 39. Rc1 Bb7 40. Bd4 Bf8 41. Kg3 Bb4 42. a3 Ba5 43. b4 Bd8 44. Rh1 Nb6 45. Bxb6 Bxb6 46. Rxh6 Bc8 47. f5 exf5 48. Rxb6 fxg4 49. Rd6 Ke7 50. Rxd5 Ke6 51. Rc5 Bd7 52. Kxg4 Ke7+ 53. Bf5 Bxf5+ 54. Kxf5 Kd7 55. Kf6 a5 56. e6+ Kd6 57. Rxb5 a4 58. Kf7 Kc6 59. Ra5 Kd6 60. e7 Kc6 61. e8Q+ Kd6 62. Qe6+ Kc7 63. Ra7+ Kb8 64. Qb6+ Kc8 65. Qc7# 1-0

[Event "Andalucia-chB"]
[Site "Algeciras"]
[Date "2018.05.19"]
[Round "2"]
[White "Millan Ortiz, Francisco Pablo"]
[Black "He, Hao Jue"]
[Result "0-1"]
[WhiteElo "1443"]
[BlackElo "1665"]
[PlyCount "72"]
[EventDate "2018.05.18"]
[EventType "swiss"]
[EventRounds "6"]
[EventCountry "ESP"]
[SourceTitle "EXT 2020"]
[Source "ChessBase"]
[SourceDate "2019.10.17"]
[SourceVersion "1"]
[SourceVersionDate "2019.10.17"]
[SourceQuality "1"]

1. d4 Nf6 2. c4 e6 3. Nf3 b6 4. Nc3 Bb4 5. Bd2 Bb7 6. e3 0-0 7. Bd3 d6 8. 0-0 Nbd7 9. Rc1 e5 10. d5 Bxc3 11. Bxc3 e4 12. Bc2 exf3 13. Qxf3 Re8 14. Qg3 Bc8 15. f4 Nc5 16. Bd4 Nh5 17. Qf3 Qh4 18. Bd1 Nf6 19. Bxf6 Qxf6 20. Bc2 Bf5 21. b4 Ne4 22. Qh5 g6 23. Qe2 h5 24. Rfd1 Nc3 25. Qd2 Nxd1 26. Rxd1 Bxc2 27. Qxc2 Rxe3 28. Qf2 Rae8 29. h3 Re2 30. Qf1 R8e3 31. Kh2 h4 32. Rd3 Qe7 33. Rxe3 Qxe3 34. Qg1 Qg3+ 35. Kh1 Re1 36. Qxe1 Qxe1+ 0-1